000
00242nam a22001097a 4500
082
_a
510 MNH'T
100
_a
THAMES, H
_9
77257
245
_a
TECHNECI MATH FOR METAL TRADES
260
_a
LAHORE
_b
NATIONAL
_c
1977
300
_a
191P
942
_c
BK
999
_c
582557
_d
582557